EURES - Európske služby zamestnanosti bakalárska práca

Guardado en:
Detalles Bibliográficos
Autor principal: Mikulová, Ľubica
Autor Corporativo: Národohospodárska fakulta EU. Katedra sociálneho rozvoja a práce
Otros Autores: Katuščák, Boris
Formato: Libro
Lenguaje:eslovaco
Publicado: Bratislava 2009
Etiquetas: Agregar Etiqueta
Sin Etiquetas, Sea el primero en etiquetar este registro!

MARC

LEADER 00000nam$a2200000$$$4500
001 0100873
005 20240318140502.1
041 0 |a slo 
044 |a SK 
245 1 0 |a EURES - Európske služby zamestnanosti  |b bakalárska práca  |c Ľubica Mikulová ; škol. Boris Katuščák 
264 1 |a Bratislava  |c 2009 
300 |a 49 s. 
100 1 |a Mikulová, Ľubica 
700 1 |a Katuščák, Boris 
710 2 |a Národohospodárska fakulta EU. Katedra sociálneho rozvoja a práce